Samuel Morris (Record no. 731)

MARC details
000 -LEADER
fixed length control field 00269nam a2200109 4500
008 - FIXED-LENGTH DATA ELEMENTS--GENERAL INFORMATION
fixed length control field 160624b xxu||||| |||| 00| 0 eng d
100 ## - MAIN ENTRY--PERSONAL NAME
9 (RLIN) 920
Personal name Baez, K.H
245 ## - TITLE STATEMENT
Title Samuel Morris
260 ## - PUBLICATION, DISTRIBUTION, ETC. (IMPRINT)
Place of publication, distribution, etc. Ohio
Name of publisher, distributor, etc. Barbour Pub.Inc.
Date of publication, distribution, etc. MCMXVC
300 ## - PHYSICAL DESCRIPTION
Extent Samuel Morris
942 ## - ADDED ENTRY ELEMENTS (KOHA)
Source of classification or shelving scheme Dewey Decimal Classification
Koha item type BOOK
Holdings
Withdrawn status Lost status Source of classification or shelving scheme Damaged status Not for loan Home library Current library Shelving location Date acquired Total Checkouts Full call number Barcode Date last seen Price effective from Koha item type
    Dewey Decimal Classification     Good Samaritan School Library Good Samaritan School Library FICTION 06/24/2016   823 BAE1445 06/24/2016 06/24/2016 BOOK

Powered by Koha